Le Cotonnier, (Record no. 21455)

000 -LEADER
fixed length control field 00469cam a22001691 4500
020 ## - INTERNATIONAL STANDARD BOOK NUMBER
ISBN 2706808233
040 ## - CATALOGING SOURCE
Transcribing agency NcRS
082 ## - DEWEY DECIMAL CLASSIFICATION NUMBER
Classification number 633 LEC 1982 C325 Or.
100 1# - MAIN ENTRY--AUTHOR NAME
Personal name Lagière, Robert.
245 13 - TITLE STATEMENT
Title Le Cotonnier,
260 ## - PUBLICATION, DISTRIBUTION, ETC. (IMPRINT)
Place of publication Paris,
Name of publisher G.-P. Maisonneuve et Larose,
Year of publication 1982.
300 ## - PHYSICAL DESCRIPTION
Number of Pages 307 p.
Other physical details illus., plates.
Dimensions 25 cm.
650 #0 - SUBJECT ADDED ENTRY--TOPICAL TERM
Topical Term Cotton.
700 1# - ADDED ENTRY--PERSONAL NAME
Personal name Roehrich, Olivier,
710 2# - ADDED ENTRY--CORPORATE NAME
Corporate name or jurisdiction name as entry element Institut de recherches du coton et des textiles exotiques.
942 ## - ADDED ENTRY ELEMENTS (KOHA)
Koha item type ADB
952 ## - LOCATION AND ITEM INFORMATION (KOHA)
Withdrawn status [LOCAL, KOHA] 0
952 ## - LOCATION AND ITEM INFORMATION (KOHA)
Withdrawn status [LOCAL, KOHA] 0
952 ## - LOCATION AND ITEM INFORMATION (KOHA)
Withdrawn status [LOCAL, KOHA] 0
Holdings
Permanent Location Date acquired Koha item type Lost status Shelving location Barcode Current Location Full call number
Library Block C2023-06-16ADB C325a21058Library Block C633 LEC 1982 C325 Or.
Library Block C2023-06-16ADB C325a20801Library Block C633 LEC 1982 C325 Or.
Library Block C2023-06-16ADB C325a22103Library Block C633 LEC 1982 C325 Or.
មជ្ឈមណ្ឌលឯការនៃសាកលវិទ្យាល័យភូមិន្ទកសិកម្មចំការដូង

Powered by Koha